El sistema de pensiones en Chile en el contexto Mundial y de América Latina (Registro nro. 4164)

Detalles MARC
000 -LEADER
fixed length control field 00897 a2200241 4500
001 - CONTROL NUMBER
control field 46099
005 - DATE AND TIME OF LATEST TRANSACTION
control field 20260407155734.0
008 - FIXED-LENGTH DATA ELEMENTS--GENERAL INFORMATION
fixed length control field 260407a2004 arg spa d
003 - CONTROL NUMBER IDENTIFIER
control field AR-UNSa-BCEJYS
040 ## - CATALOGING SOURCE
Original cataloging agency AR-UNSa-BCEJYS
Language of cataloging spa
Transcribing agency AR-UNSa-BCEJYS
080 ## - UNIVERSAL DECIMAL CLASSIFICATION NUMBER
Universal Decimal Classification number 331.252
Common auxiliary subdivision Pensiones
041 ## - LANGUAGE CODE
Language code of text/sound track or separate title spa
100 1# - MAIN ENTRY--PERSONAL NAME
Personal name Organización Internacional del Trabajo (OIT)
245 10 - TITLE STATEMENT
Title El sistema de pensiones en Chile en el contexto Mundial y de América Latina
Name of part/section of a work evaluación y desafíos
264 #1 - PRODUCTION, PUBLICATION, DISTRIBUTION, MANUFACTURE, AND COPYRIGHT NOTICE
Place of production, publication, distribution, manufacture Santiago :
Name of producer, publisher, distributor, manufacturer OIT
Date of production, publication, distribution, manufacture, or copyright notice 2004
300 ## - PHYSICAL DESCRIPTION
Extent 174 p.
Dimensions 23 cm.
590 ## - LOCAL NOTE (RLIN)
Local note niveau_biblio:m niveau_hierar:0
700 1# - ADDED ENTRY--PERSONAL NAME
Personal name Seminario Internacional (1º : 2004 abr. 22-23 : Santiago, Chile)
700 1# - ADDED ENTRY--PERSONAL NAME
Personal name Chile. Ministerio de Trabajo y Previsión Social
700 1# - ADDED ENTRY--PERSONAL NAME
Personal name Fundación Chile 21
856 41 - ELECTRONIC LOCATION AND ACCESS
Uniform Resource Identifier <a href="https://www.biblioeco.unsa.edu.ar/pmb/images/libros/L127343.jpg">https://www.biblioeco.unsa.edu.ar/pmb/images/libros/L127343.jpg</a>
Link text Imagen de portada
Electronic format type image/jpeg
942 ## - ADDED ENTRY ELEMENTS (KOHA)
Koha item type
Existencias
Withdrawn status Lost status Damaged status Not for loan Home library Current library Shelving location Date acquired Total checkouts Full call number Barcode Date last seen Price effective from Koha item type
        Biblioteca Prof. Eusebio Cleto del Rey Biblioteca Prof. Eusebio Cleto del Rey   07/04/2026   331.252 C749 L127343 07/04/2026 07/04/2026 Libro